• 首页
  • 本馆介绍
  • 公告通知
  • 最新文献
  • 馆藏检索
  • 电子资源
  • 读者导购
  • 参考咨询
  • 我的图书馆
  • 登录
  • 详细信息显示
  • 放入我的书架
  • 预约/预借图书
  • 作者相关作品
  • 分类相关作品
  • 丛书相关作品
  • 出版社相关作品

书目信息

  • 表格格式
  • 工作单格式
  • 卡片格式
题名:
美肤减压瑜伽
    
 
作者: 王韵 著
分册:  
出版信息: 北京   北京体育大学出版社  2004
页数: 96页
开本: 20×18cm
丛书名: 瑜伽宝典系列
单 册:
中图分类: R214
科图分类:
主题词: 瑜伽术
电子资源:
ISBN: 7-81100-105-5
000 00725oam2 2200241 450
001 002684595
005 20061105100408.14
010    @a7-81100-105-5@dCNY24.00
100    @a20040720d2004 em y0chiy0110 ea
101 0  @achi
102    @aCN@b110000
105    @aa z 000yy
200 1  @a美肤减压瑜伽@9mei fu jian ya yu jia@f王韵著
210    @a北京@c北京体育大学出版社@d2004
215    @a96页@c彩照@d20×18cm
225 2  @a瑜伽宝典系列
330    @a该书介绍了练习瑜伽前需要做的必要的准备;瑜伽呼吸特效减压;美肤减压瑜伽姿势;减压休息术等内容。
461  0 @12001 @a瑜伽宝典系列
606 0  @a瑜伽术
690    @aR214@v4
701  0 @a王韵@9wang yun@c(瑜伽)@4著
801  0 @aCN@bNLC@c20061105
905    @a10447@dR214@e177
    
    美肤减压瑜伽/王韵著.-北京:北京体育大学出版社,2004
    96页:彩照;20×18cm.-(瑜伽宝典系列)
    
    
    ISBN 7-81100-105-5:CNY24.00
    该书介绍了练习瑜伽前需要做的必要的准备;瑜伽呼吸特效减压;美肤减压瑜伽姿势;减压休息术等内容。
●
相关链接 在E读中查询图书 在五车中查询图书 在当当中查询图书 在豆瓣中查询图书


正题名:美肤减压瑜伽     索取号:R214/177         预约/预借

序号 登录号 条形码 馆藏地/架位号 状态 备注
1 0381275   203812758   第二样本阅览室/ [索取号:R214/177] 在馆    
2 0381276   203812767   第三借阅区/ [索取号:R214/177] 在馆    
3 0381277   203812776   第三借阅区/ [索取号:R214/177] 在馆    
4 0381278   203812785   第三借阅区/ [索取号:R214/177] 在馆    
唐山师范学院图书馆 欢迎您!
大连网信软件有限公司© 版权所有